Statistiques concernant David Fincher ou David Lynch

Cliquez ici pour prendre le quiz!

Statistiques générales

  • Ce quiz a été pris 45 fois
  • Le résultat moyen est 18 sur 22

Statistiques - réponses

HintRéponse% Correct
Elephant ManDavid Lynch
98%
SevenDavid Fincher
93%
Fight ClubDavid Fincher
90%
Mulholland DriveDavid Lynch
90%
The GameDavid Fincher
88%
ZodiacDavid Fincher
88%
The Social NetworkDavid Fincher
88%
Sailor et LulaDavid Lynch
88%
Une Histoire vraieDavid Lynch
88%
L'Etrange Histoire de Benjamin ButtonDavid Fincher
85%
Lost HighwayDavid Lynch
85%
Gone GirlDavid Fincher
83%
Blue VelvetDavid Lynch
83%
Inland EmpireDavid Lynch
80%
Eraserhead (Labyrinth man)David Lynch
80%
DuneDavid Lynch
80%
The KillerDavid Fincher
78%
Millénium : Les Hommes qui n'aimaient pas les femmesDavid Fincher
78%
Twin PeaksDavid Lynch
78%
Panic roomDavid Fincher
68%
MankDavid Fincher
63%
Alien 3David Fincher
63%

Distribution des résultats

Percentile par nombre de réponses

% des personnes avec chaque résultat

Votre développement - résultats

Vous n’avez pas pris ce quiz